UBT Library

The college writer brief : (Record no. 47197)

000 -LEADER
fixed length control field 00815cam a22002775a 4500
001 - CONTROL NUMBER
control field 14167533
005 - DATE AND TIME OF LATEST TRANSACTION
control field 20180817035716.0
008 - FIXED-LENGTH DATA ELEMENTS--GENERAL INFORMATION
fixed length control field 051114s2007 maua 000 0 eng d
010 ## - LIBRARY OF CONGRESS CONTROL NUMBER
LC control number 2005937206
020 ## - INTERNATIONAL STANDARD BOOK NUMBER
International Standard Book Number 9780618642021
020 ## - INTERNATIONAL STANDARD BOOK NUMBER
International Standard Book Number 0618642021
020 ## - INTERNATIONAL STANDARD BOOK NUMBER
International Standard Book Number 9780618642052 (pbk.)
020 ## - INTERNATIONAL STANDARD BOOK NUMBER
International Standard Book Number 0618642056 (pbk.)
035 ## - SYSTEM CONTROL NUMBER
System control number (OCoLC)ocm64414563
040 ## - CATALOGING SOURCE
Original cataloging agency OSC
Transcribing agency OSC
Modifying agency DLC
041 ## - LANGUAGE CODE
Language code of text/sound track or separate title eng
042 ## - AUTHENTICATION CODE
Authentication code lccopycat
080 ## - UNIVERSAL DECIMAL CLASSIFICATION NUMBER
Edition identifier 2nd
Universal Decimal Classification number 37
082 ## - DEWEY DECIMAL CLASSIFICATION NUMBER
Classification number 37
100 ## - Rafti
Rafti 25
101 ## - Shkurtesa
Shkurtesa EDU
245 14 - TITLE STATEMENT
Title The college writer brief :
Statement of responsibility, etc Randall VanderMey... [et al.]
906 ## - LOCAL DATA ELEMENT F, LDF (RLIN)
a 0
b ibc
c copycat
d 2
e ncip
f 20
g y-gencatlg
942 ## - ADDED ENTRY ELEMENTS (KOHA)
Source of classification or shelving scheme
Item type Books
Holdings
Withdrawn status Lost status Source of classification or shelving scheme Damaged status Not for loan Collection code Permanent location Current location Shelving location Date acquired Total Checkouts Full call number Barcode Date last seen Price effective from Koha item type
          Koleksioni i përgjithshem UBT - Lipjan UBT - Lipjan Koleksioni i përgjithshem 08/17/2018   37 VAN 002-3011514 08/17/2018 08/17/2018 Books
UBT Library © 2015-2024. All rights reserved University Education for Business and Technology